<?xml version="1.0" encoding="UTF-8"?>
<record
    xmlns:xsi="http://www.w3.org/2001/XMLSchema-instance"
    xsi:schemaLocation="http://www.loc.gov/MARC21/slim http://www.loc.gov/standards/marcxml/schema/MARC21slim.xsd"
    xmlns="http://www.loc.gov/MARC21/slim">

  <leader>02485nam a2200325uu 4500</leader>
  <controlfield tag="001">1048638</controlfield>
  <controlfield tag="005">20260507082431.0</controlfield>
  <controlfield tag="007">co|||||||</controlfield>
  <controlfield tag="008">070925s2007                        spa  </controlfield>
  <datafield tag="035" ind1=" " ind2=" ">
    <subfield code="a">1048638</subfield>
  </datafield>
  <datafield tag="040" ind1=" " ind2=" ">
    <subfield code="c">comduadb</subfield>
  </datafield>
  <datafield tag="041" ind1=" " ind2=" ">
    <subfield code="a">spa</subfield>
  </datafield>
  <datafield tag="100" ind1="1" ind2="0">
    <subfield code="a">Fern&#xE1;ndez S&#xE1;nchez, Elizabeth</subfield>
    <subfield code="4">aut</subfield>
    <subfield code="e">aut</subfield>
    <subfield code="9">590042</subfield>
  </datafield>
  <datafield tag="245" ind1="1" ind2="0">
    <subfield code="a">Herramientas evaluativas para elaborar y organizar pruebas escritas</subfield>
  </datafield>
  <datafield tag="260" ind1=" " ind2=" ">
    <subfield code="a">Medell&#xED;n :</subfield>
    <subfield code="b">[sin publicador],</subfield>
    <subfield code="c">2007.</subfield>
  </datafield>
  <datafield tag="300" ind1=" " ind2=" ">
    <subfield code="a">1 CD-ROM</subfield>
  </datafield>
  <datafield tag="520" ind1="3" ind2=" ">
    <subfield code="a">El presente trabajo de investigaci&#xF3;n se enfoca en determinar si los enunciados que se presentan en las pruebas escritas elaboradas por los docentes de d&#xE9;cimo y once grado, de la Instituci&#xF3;n Educativa Concejo de Medell&#xED;n, son acordes con los objetivos planteados por &#xE9;stos; adem&#xE1;s, se establece cu&#xE1;les son las  relaciones existentes entre los objetivos de las Evaluaciones de Matem&#xE1;ticas en los programas de d&#xE9;cimo y onceavo grado y los objetivos evaluados en las pruebas escritas; incluyendo lo que se espera encontrar frente a las relaciones entre los objetivos evaluados en las pruebas escritas y los ejercicios utilizados para ellos y las relaciones entre los ejercicios formulados por cada docente en las pruebas escritas y el tiempo asignado para su resoluci&#xF3;n.
Para darle respuesta a dicho problema se procedi&#xF3; a realizar una encuesta a los alumnos de los grados d&#xE9;cimo y once, una entrevista a los docentes de los respectivos grados y un an&#xE1;lisis de las pruebas escritas elaboradas por cada uno de los docentes de estos grados; luego se hizo un an&#xE1;lisis exhaustivo del dise&#xF1;o
metodol&#xF3;gico y finalmente se propone un instrumento para la elaboraci&#xF3;n de una prueba escrita y un software para organizar pruebas escritas.</subfield>
  </datafield>
  <datafield tag="650" ind1=" " ind2="7">
    <subfield code="a">Evaluaci&#xF3;n acad&#xE9;mica</subfield>
    <subfield code="2">lemb</subfield>
    <subfield code="9">14038</subfield>
  </datafield>
  <datafield tag="650" ind1=" " ind2=" ">
    <subfield code="a">Examenes escritos</subfield>
    <subfield code="9">110315</subfield>
  </datafield>
  <datafield tag="650" ind1=" " ind2=" ">
    <subfield code="a">Indicadores de logros curriculares</subfield>
    <subfield code="9">49210</subfield>
  </datafield>
  <datafield tag="650" ind1=" " ind2=" ">
    <subfield code="a">Programas para computador educativos</subfield>
    <subfield code="9">75126</subfield>
  </datafield>
  <datafield tag="650" ind1=" " ind2=" ">
    <subfield code="a">Licenciatura en educaci&#xF3;n</subfield>
    <subfield code="9">181088</subfield>
  </datafield>
  <datafield tag="700" ind1="1" ind2="0">
    <subfield code="a">Saldarriaga Restrepo, Jorge Mario</subfield>
    <subfield code="4">aut</subfield>
    <subfield code="e">aut</subfield>
    <subfield code="9">439887</subfield>
  </datafield>
  <datafield tag="700" ind1="1" ind2="0">
    <subfield code="a">Porras Vanegas, Juan David</subfield>
    <subfield code="4">aut</subfield>
    <subfield code="e">aut</subfield>
    <subfield code="9">587190</subfield>
  </datafield>
  <datafield tag="700" ind1="1" ind2="0">
    <subfield code="a">Valverde Ramirez, Lourdes</subfield>
    <subfield code="4">ths</subfield>
    <subfield code="e">ths</subfield>
    <subfield code="9">299496</subfield>
  </datafield>
  <datafield tag="700" ind1="1" ind2="0">
    <subfield code="a">Zapata Correa, Alvaro David</subfield>
    <subfield code="4">ths</subfield>
    <subfield code="e">ths</subfield>
    <subfield code="9">406476</subfield>
  </datafield>
  <datafield tag="856" ind1="4" ind2=" ">
    <subfield code="u">https://bibliotecadigital.udea.edu.co/handle/10495/27603</subfield>
  </datafield>
  <datafield tag="942" ind1=" " ind2=" ">
    <subfield code="c">TESIS</subfield>
  </datafield>
  <datafield tag="999" ind1=" " ind2=" ">
    <subfield code="c">439836</subfield>
    <subfield code="d">439836</subfield>
  </datafield>
  <datafield tag="500" ind1=" " ind2=" ">
    <subfield code="a">Tesis (Licenciatura en Matem&#xE1;ticas y F&#xED;sica). Universidad de Antioquia. Facultad de Educacion - T&#xED;tulo del grado otorgado</subfield>
  </datafield>
  <datafield tag="952" ind1=" " ind2=" ">
    <subfield code="0">0</subfield>
    <subfield code="1">0</subfield>
    <subfield code="4">0</subfield>
    <subfield code="7">0</subfield>
    <subfield code="8">DIGITAL</subfield>
    <subfield code="a">CEDED</subfield>
    <subfield code="b">CEDED</subfield>
    <subfield code="d">2007-09-25</subfield>
    <subfield code="i">C965729</subfield>
    <subfield code="l">0</subfield>
    <subfield code="o">O/0042</subfield>
    <subfield code="p">0597598</subfield>
    <subfield code="r">2023-04-27 00:00:00</subfield>
    <subfield code="t">1</subfield>
    <subfield code="w">2023-04-27</subfield>
    <subfield code="y">DIGITAL</subfield>
  </datafield>
</record>
